Sufi Ghulam Mustafa Tabbassum / (Record no. 524679)
[ view plain ]
| 000 -LEADER | |
|---|---|
| fixed length control field | 00494nam a22001697a 4500 |
| 003 - CONTROL NUMBER IDENTIFIER | |
| control field | NUST |
| 038 ## - RECORD CONTENT LICENSOR | |
| Staff Name | waseem |
| 082 ## - DEWEY DECIMAL CLASSIFICATION NUMBER | |
| Classification number | 891.439092 |
| Author Mark | QUR |
| 100 ## - MAIN ENTRY--PERSONAL NAME | |
| Personal name | Qureshi, Nisaar Ahmad |
| 9 (RLIN) | 15447 |
| 245 ## - TITLE STATEMENT | |
| Title | Sufi Ghulam Mustafa Tabbassum / |
| Statement of responsibility, etc. | Nisar Ahmad Qureshi |
| 260 ## - PUBLICATION, DISTRIBUTION, ETC. | |
| Place of publication, distribution, etc. | Islamabad : |
| Name of publisher, distributor, etc. | S.T Printers, |
| Date of publication, distribution, etc. | 2008. |
| 300 ## - PHYSICAL DESCRIPTION | |
| Extent | 410 p. ; |
| 500 ## - GENERAL NOTE | |
| General note | Hardcover. |
| 880 ## - ALTERNATE GRAPHIC REPRESENTATION | |
| Linkage | 100-01\r |
| Title | نثاراحمد قریشی |
| 880 ## - ALTERNATE GRAPHIC REPRESENTATION | |
| Linkage | 245-02\r |
| Title | صوفی غلام مصطفی تبسم / |
| 942 ## - ADDED ENTRY ELEMENTS (KOHA) | |
| Source of classification or shelving scheme | |
| Koha item type | Book |
| Withdrawn status | Lost status | Source of classification or shelving scheme | Damaged status | Not for loan | Permanent Location | Current Location | Date acquired | Total Checkouts | Full call number | Barcode | Date last seen | Price effective from | Koha item type |
|---|---|---|---|---|---|---|---|---|---|---|---|---|---|
| Central Library (CL) | Central Library (CL) | 06/25/2019 | 891.439092 QUR | CL-E-1163 | 06/25/2019 | 06/25/2019 | Book |
